| 000 | 00760nam a2200205 i 4500 | ||
|---|---|---|---|
| 001 | 130404 | ||
| 003 | ES-MaACL | ||
| 005 | 20240509110825.0 | ||
| 007 | t| | ||
| 008 | 070727s1969 sp ||||1| spa d | ||
| 100 | 1 |
_aZamora Vicente, Alonso. _9117952 |
|
| 245 | 1 | 3 |
_aLa realidad esperpéntica _b: (aproximación a "Luces de Bohemia") / _cAlonso Zamora Vicente. |
| 260 |
_aMadrid : _bGredos, _c[1969] |
||
| 300 |
_a205 p. ; _c21 cm. |
||
| 490 | 1 |
_aBiblioteca románica hispánica ; _v123. II. _aEstudios y ensayos |
|
| 600 | 1 | 4 |
_aValle-Inclán, Ramón del, _d1866-1936. _tLuces de Bohemia _9112806 |
| 830 | 0 |
_aBiblioteca románica hispánica. II. Estudios y ensayos _v123. II. _9178108 |
|
| 852 |
_aES-MaACL _jC-35456 _bR.68952 |
||
| 999 |
_c130404 _d130404 |
||